| 000 | 00385nam a2200157Ia 4500 | ||
|---|---|---|---|
| 008 | 230312s9999||||xx |||||||||||||| ||und|| | ||
| 020 | _a0-201-40915-1 | ||
| 082 |
_a005.43 _bPRO |
||
| 100 | _aProffit;Brian | ||
| 245 | 0 | _aOS / 2 warp Survival Kit | |
| 260 |
_bAddison Wesley _aNew York _c1995 |
||
| 300 | _a164 | ||
| 546 | _aEng. | ||
| 650 |
_aComputer _vGetting Started, |
||
| 942 | _cBK | ||
| 999 |
_c2935 _d2935 |
||